000 00339nam a2200097Ia 4500
008 180130s9999 xx 000 0 und d
245 _cGurkok, Cem
_aSecuring cloud computing systems
260 _c2013
300 _aBook title: Computer and information security handbook--Acession number C20545; pages 97-124
650 _aINFORMATION SECURITY
999 _c354129
_d354129